[Event "Sao Jose dos Pinhais U2200"]
[Site "Sao Jose dos Pinhais"]
[Date "2019.05.24"]
[Round "1"]
[White "Dos Santos, Filipe Paulista"]
[Black "Juliatto, Clara Machado"]
[Result "0-1"]
[WhiteElo "1800"]
[BlackElo "1644"]
[PlyCount "102"]
[EventDate "2019.05.24"]
[EventType "swiss"]
[EventRounds "7"]
[EventCountry "BRA"]
[SourceTitle "EXT 2020"]
[Source "ChessBase"]
[SourceDate "2019.10.17"]
[SourceVersion "1"]
[SourceVersionDate "2019.10.17"]
[SourceQuality "1"]

1. e4 e5 2. Nf3 Nc6 3. Bc4 Bc5 4. d3 Nf6 5. Nc3 d6 6. h3 h6 7. Nd5 0-0 8. Be3 Bxe3 9. fxe3 Be6 10. 0-0 Na5 11. Nxf6+ Qxf6 12. Nd4 Qg6 13. Nxe6 fxe6 14. Rxf8+ Rxf8 15. Bb3 Nxb3 16. axb3 Qg5 17. Qe2 a6 18. Rf1 Rxf1+ 19. Kxf1 Qf6+ 20. Qf2 Kf7 21. g4 Kg6 22. Qxf6+ gxf6 23. h4 f5 24. exf5+ exf5 25. h5+ Kg5 26. gxf5 Kxf5 27. Kg2 Kg4 28. b4 Kxh5 29. Kg3 Kg5 30. c4 b6 31. b3 c6 32. Kh3 h5 33. Kg3 h4+ 34. Kf3 Kf5 35. b5 axb5 36. cxb5 c5 37. Kg2 Kg4 38. Kh2 d5 39. e4 dxe4 40. dxe4 Kf4 41. Kh3 Kxe4 42. Kxh4 Kf3 43. Kg5 e4 44. Kf5 e3 45. Ke6 e2 46. Kd6 e1Q 47. Kc6 Qe6+ 48. Kb7 Ke4 49. Ka6 Qxb3 50. Kxb6 c4 51. Kc6 c3 0-1